000 00295nam a22001337a 4500
008 190205b xxu||||| |||| 00| 0 eng d
020 _a0853453705
041 _aeng
080 _a941
100 _a16
101 _aHIS
245 _aLabor and Monopoly Capital
_cBraverman, H
942 _2udc
_cBK
999 _c53953
_d53953